• 首页
  • 本馆介绍
  • 公告通知
  • 最新文献
  • 馆藏检索
  • 电子资源
  • 读者导购
  • 参考咨询
  • 我的图书馆
  • 登录
  • 详细信息显示
  • 放入我的书架
  • 预约/预借图书
  • 作者相关作品
  • 分类相关作品
  • 丛书相关作品
  • 出版社相关作品

书目信息

  • 表格格式
  • 工作单格式
  • 卡片格式
题名:
心理学与人生
    
 
作者: 黄希庭
分册:  
出版信息: 广州   暨南大学  2005
页数: 363页
开本: 26cm
丛书名:
单 册:
中图分类: B84-05
科图分类:
主题词: 心理学
电子资源:
ISBN: 7-81079-360-8
000 00589nam0 2200193 450
001 0753865015
005 20070818145745.01
010    @a7-81079-360-8@d¥33.00
100    @a20070818d km y0chiy0120 ea
101 0  @achi
200 1  @a心理学与人生@Axin li xue yu ren sheng@e高等学校通识课教材@f黄希庭@Fhuang xi ting
210    @a广州@c暨南大学@d2005
215    @a363页@d26cm
517 1  @a高等学校通识课教材@Agao deng xue xiao tong shi ke jiao cai
606 0  @a心理学
690    @aB84-05@v3
701  0 @a黄希庭@Ahuang xi ting
801  0 @aCN@bPFT@c20070818
905    @a213230@dB84-05@ee303@f1
    
    心理学与人生:高等学校通识课教材/黄希庭.-广州:暨南大学,2005
    363页;26cm
    
    
    ISBN 7-81079-360-8:¥33.00
    
●
相关链接 在E读中查询图书 在五车中查询图书 在当当中查询图书 在豆瓣中查询图书


正题名:心理学与人生     索取号:B84-05/e303         预约/预借

序号 登录号 条形码 馆藏地/架位号 状态 备注
1 6300421   263004215   教育系资料室/ [索取号:B84-05/e303] 在馆    
2 6300422   263004224   教育系资料室/ [索取号:B84-05/e303] 在馆    
3 6303998   263039982   教育系资料室/ [索取号:B84-05/e303] 在馆    
4 6304726   263047269   教育系资料室/ [索取号:B84-05/e303] 在馆    
5 6304727   263047278   教育系资料室/ [索取号:B84-05/e303] 在馆    
6 6304728   263047287   教育系资料室/ [索取号:B84-05/e303] 在馆    
7 6304729   263047296   教育系资料室/ [索取号:B84-05/e303] 在馆    
8 6304730   263047303   教育系资料室/ [索取号:B84-05/e303] 在馆    
唐山师范学院图书馆 欢迎您!
大连网信软件有限公司© 版权所有